00614nam a2200181Ia 4500952013300000999001700133003000400150005001700154008004100171040000900212082001800221100002200239245006500261260004300326300000900369650001200378942004200390 00102ddc40708HISTORYaMESbMEScHISd2019-02-20g500.00l0o954.14 RAY/Bp38558r2019-02-20 00:00:00w2019-02-20yBKzGL37R4 c21752d21752OSt20200624121646.0190216s9999||||xx |||||||||||||| ||und|| coclc a954.14bRAY/B aRay, Dalia 93179 4aThe Bengal Revolutionaries And Freedom Movement /cDalia Ray bCosmo Publications,c1990.aNew Delhi: a214p aHistory cBK2ddch954.14iRAY/Bk954.14mRAY/B